Normal view MARC view
  • Muhammad Adeel Zafar

Entry Personal Name

Number of records used in: 1

001 - CONTROL NUMBER

  • control field: 92341

003 - CONTROL NUMBER IDENTIFIER

  • control field: NUST

005 - DATE AND TIME OF LATEST TRANSACTION

  • control field: 20220703103455.0

008 - FIXED-LENGTH DATA ELEMENTS

  • fixed length control field: 220703|| aca||aabn | a|a d

040 ## - CATALOGING SOURCE

  • Original cataloging agency: NUST
  • Transcribing agency: NUST

100 ## - HEADING--PERSONAL NAME

  • Personal name: Muhammad Adeel Zafar

670 ## - SOURCE DATA FOUND

  • Source citation: Work cat.: (NUST)8885: Muhammad Adeel Zafar., Job steering service in interactive grid analysis environment , 2004.
© 2023 Central Library, National University of Sciences and Technology. All Rights Reserved.